CONTRACT 1 (Record no. 34071)

MARC details
000 -LEADER
fixed length control field 00302nam a22001457a 4500
003 - CONTROL NUMBER IDENTIFIER
control field SGT
020 ## - INTERNATIONAL STANDARD BOOK NUMBER
International Standard Book Number 9789348002662
082 ## - DEWEY DECIMAL CLASSIFICATION NUMBER
Classification number 346.022
Item number BAN
100 ## - MAIN ENTRY--PERSONAL NAME
Personal name BANGIA R K
245 ## - TITLE STATEMENT
Title CONTRACT 1
250 ## - EDITION STATEMENT
Edition statement 10
260 ## - PUBLICATION, DISTRIBUTION, ETC. (IMPRINT)
Place of publication, distribution, etc FARIDABAD
Name of publisher, distributor, etc ALLAHABAD LAW AGENCY
Year of Publication 2025
300 ## - PAGE DESCRIPTION
No. of Pages 588
942 ## - ADDED ENTRY ELEMENTS (KOHA)
Source of classification or shelving scheme Dewey Decimal Classification
Koha item type Books
Holdings
Withdrawn status Lost status Source of classification or shelving scheme Damaged status Not for loan Collection code Home library Current library Shelving location Date acquired Vendor Name Cost, normal purchase price SGTU Bill Number Full call number Accession No. (Barcode) Date last seen Bill Date Koha item type Total Checkouts Date last borrowed
    Dewey Decimal Classification   Not For Loan LAW SGT Science & Social Sciences Library SGT Science & Social Sciences Library Reference Book 12/02/2026 ZAFFA BOOKS & DISTRIBUTOR 750.00 SGTU ZBD0409 346.022 BAN FL3954 12/02/2026   Books    
    Dewey Decimal Classification     LAW SGT Science & Social Sciences Library SGT Science & Social Sciences Library Text Book 12/02/2026 ZAFFA BOOKS & DISTRIBUTOR 750.00 SGTU ZBD0409 346.022 BAN FL3955 21/05/2026   Books 3 01/05/2026
    Dewey Decimal Classification     LAW SGT Science & Social Sciences Library SGT Science & Social Sciences Library Text Book 12/02/2026 ZAFFA BOOKS & DISTRIBUTOR 750.00 SGTU ZBD0409 346.022 BAN FL3956 13/05/2026   Books 6 01/05/2026
    Dewey Decimal Classification     LAW SGT Science & Social Sciences Library SGT Science & Social Sciences Library Text Book 12/02/2026 ZAFFA BOOKS & DISTRIBUTOR 750.00 SGTU ZBD0409 346.022 BAN FL3957 18/05/2026   Books 2 15/04/2026
    Dewey Decimal Classification     LAW SGT Science & Social Sciences Library SGT Science & Social Sciences Library Text Book 12/02/2026 ZAFFA BOOKS & DISTRIBUTOR 750.00 SGTU ZBD0409 346.022 BAN FL3958 12/02/2026   Books